000 00621nam a22002177a 4500
001 00027848
005 20260406121321.0
008 260114b ag ||||| |||| 00| 0 spa d
020 _a9789500834186
040 _aAR-CcCEOS
_bspa
_cAR-CcCEOS
041 _aspa
080 _a 860-3(82)
090 _bSCH
100 1 _aSchujer, Silvia
_991
245 _aCuatro duendes y un gigante /
_cSilvia Schujer
300 _a18 p.
_c22x19 cm.
500 _aPertenece a la col. La Valijita Encantada.
655 0 _aliteratura infantil
_926
942 _2udc
_cBK
_n0
999 _c27855
_d27855